书目信息 |
| 题名: |
中央苏区福建历史
|
|
| 作者: | 黄超凡 著 | |
| 分册: | ||
| 出版信息: | 福州 福建人民出版社 2024.09 |
|
| 页数: | 412页 | |
| 开本: | 24cm | |
| 丛书名: | ||
| 单 册: | ||
| 中图分类: | K269.401 | |
| 科图分类: | ||
| 主题词: | 中央苏区--革命史--福建 | |
| 电子资源: | ||
| ISBN: | 978-7-211-09535-3 | |
| 000 | 01046nam0 2200241 450 | |
| 001 | 013224117 | |
| 005 | 20251022202028.84 | |
| 010 | @a978-7-211-09535-3@dCNY78.00 | |
| 100 | @a20241104d2024 em y0chiy0120 ea | |
| 101 | 0 | @achi |
| 102 | @aCN@b350000 | |
| 105 | @aa z 000yy | |
| 106 | @ar | |
| 200 | 1 | @a中央苏区福建历史@9zhong yang su qu fu jian li shi@f黄超凡著 |
| 210 | @a福州@c福建人民出版社@d2024.09 | |
| 215 | @a412页@c图,照片@d24cm | |
| 300 | @a国家出版基金项目 “十三五”国家重点图书出版规划项目 | |
| 330 | @a本书共十一章,内容包括:福建苏维埃运动的历史背景、福建土地革命战争的兴起、闽西革命根据地的形成、闽北革命根据地的形成、闽北革命根据地的形成、中央苏区福建省的成立、闽南革命根据地的形成与发展、中央苏区闽赣省的成立、中央苏区(福建)的各项建设、第五次反“围剿”前后、福建原中央苏区范围内的三年游击战争、中央苏区(福建)的历史地位。 | |
| 606 | 0 | @a中央苏区@x革命史@y福建 |
| 690 | @aK269.401@v5 | |
| 701 | 0 | @a黄超凡@9huang chao fan@c(中共党史)@4著 |
| 801 | 0 | @aCN@c20250910 |
| 905 | @a河南城建学院图书馆@dK269.4@eH811@ZH811@f1 | |
| 中央苏区福建历史/黄超凡著.-福州:福建人民出版社,2024.09 |
| 412页:图,照片;24cm |
| 国家出版基金项目 “十三五”国家重点图书出版规划项目 |
| ISBN 978-7-211-09535-3:CNY78.00 |
| 本书共十一章,内容包括:福建苏维埃运动的历史背景、福建土地革命战争的兴起、闽西革命根据地的形成、闽北革命根据地的形成、闽北革命根据地的形成、中央苏区福建省的成立、闽南革命根据地的形成与发展、中央苏区闽赣省的成立、中央苏区(福建)的各项建设、第五次反“围剿”前后、福建原中央苏区范围内的三年游击战争、中央苏区(福建)的历史地位。 |
| ● |
| 相关链接 |
|
|
|
正题名:中央苏区福建历史
索取号:K269.4/H811
 
预约/预借
| 序号 | 登录号 | 条形码 | 馆藏地/架位号 | 状态 | 备注 |
| 1 | 1634727 | 216347273 | 社科库309/309社科库 37排2列4层/ [索取号:K269.4/H811] | 在馆 |